| 000 | 00653cam a2200229 4500 | ||
|---|---|---|---|
| 001 | J103878 | ||
| 008 | 000000n 000 0 eng u | ||
| 020 | _a1901434133 | ||
| 035 | _a(Sirsi) u103878 | ||
| 050 | _a630.026 | ||
| 110 | _aCentral Association of Agricultural Valuers | ||
| 245 | _aAnnual tenanted farms survey 1999. | ||
| 260 |
_aColeford, Glos. _bCAAV $2 000 |
||
| 300 | _a12p. ; 30cm. | ||
| 350 | _a10.00 | ||
| 650 | _aPROPERTY-LANDLORD AND TENANT-TENANCIES-AGRICULTURAL TENANCIES | ||
| 650 | _aFARMING | ||
| 650 | _aSTATISTICS | ||
| 650 | _aTENANTED FARMS | ||
| 690 | _aLANDLORD AND TENANT-AGRICULTURAL TENANCIES | ||
| 942 | _n0 | ||
| 999 |
_c100183 _d100183 |
||